000 00697nam a2200229 i 4500
001 C2-0242242
003 PPAK
005 20180727204314.0
008 020919s xx |||| ||||| | may d
040 _aPPAK
_beng
_cPPAK
_erda
082 0 4 _a379.595
_223
090 0 0 _a379.595
_bYAH
_dKAM
100 0 _aYahya b. Ibrahim,
_eauthor
245 1 0 _aSeminar Pendidikan 1980
264 1 _a[place of publication not identified] :
_b[publisher not identified] ,
_c[date of publication not identified]
300 _a16 pages ;
_c30 cm
336 _2rdacontent
_atext
337 _2rdamedia
_aunmediated
338 _2rdacarrier
_avolume
650 1 0 _aEducation - Malaysia - Congresses
942 _ddc
_cB
999 _c57035
_d57035